000 00563nam a22001817a 4500
005 20251108172524.0
008 250721s9999 xx 000 0 ara d
082 1 4 _a813.009/سكو
100 1 _aسكوت، حمدي
245 1 0 _aالرواية العربية: ببليوجرافيا و مدخل نقدي /
264 1 _aالقاهرة :
_bالجامعة الأمريكية للنشر،
300 _a447ص
650 1 7 _aالأدبي العربي
650 1 7 _aالروايات
650 1 7 _aالنقد الأدبي
942 _2ddc
_cBK
999 _c81519
_d81519